Herczeg Esterházy Pál Nádor 1635-1713

Bibliographic Details
Main Author: Merényi, Lajos (Author)
Format: Book
Language:English
PhysicalDescription:282 s.
Published: Budapest A magyar történelmi társulat kiadása 1895

MARC

LEADER 00000nam a2200000 a 4500
001 vtls008943144
003 SK-MaSNL
005 20260302075621.0
008 240318 000 0 eng
040 |a SNK  |b slo  |c SNK  |e AACR2 
100 1 |a Merényi, Lajos  |4 aut  |9 742707 
245 1 0 |a Herczeg Esterházy Pál Nádor 1635-1713  |c Lajos Merényi, Zsigmond Bubics 
260 |a Budapest  |b A magyar történelmi társulat kiadása  |c 1895  |e Budapest  |f Franklin-Társulat Könyvnyomdája 
300 |a 282 s. 
999 |c 1169927  |d 1171857 
952 |a SNK  |b SNK  |y VYP  |7 0  |p 17A0536444  |o snkSC 2289 D1  |i snkVIII. 2761/55  |3 rekatalogizácia  |0 0  |1 0  |4 0  |d 2007-02-06  |l 0  |r 2026-02-24 21:00:49  |w 2026-02-24 
952 |a SNK  |b SNK  |y VYP  |7 0  |p 17A0536817  |o snkSC 2289 D2  |i snkF 4656/67  |8 5  |3 rekatalogizácia  |0 0  |1 0  |4 0  |d 2007-02-06  |l 0  |r 2026-02-24 21:00:49  |w 2026-02-24 
952 |a SNK  |b SNK  |y PREZ  |7 0  |p 17A0743495  |o snkSC 2289  |i snk1860/37  |0 0  |1 0  |4 0  |d 2011-11-22  |l 0  |r 2025-06-11 00:00:00  |w 2026-02-24